[Event "3rd Memorial Warakomska 2019"]
[Site "Suwalki"]
[Date "2019.08.11"]
[Round "8.38"]
[White "Selbes, Tarik"]
[Black "Hoffmann, Yair"]
[Result "0-1"]
[WhiteElo "2342"]
[BlackElo "2099"]
[Annotator "NA"]
[PlyCount "64"]
[EventDate "2019.08.05"]
[EventType "swiss"]
[EventCountry "POL"]
[SourceTitle "playchess.com"]
[Source "ChessBase"]
[SourceQuality "1"]
[TimeControl "40/5400+30:1800+30"]

1. d4 {[%emt 0:00:00]} d5 {[%emt 0:00:00]} 2. c4 {[%emt 0:00:07]} c6 {[%emt 0:00:00]} 3. e3 {[%emt 0:00:33]} Nf6 {[%emt 0:00:07]} 4. Nc3 {[%emt 0:00:17]} e6 {[%emt 0:00:13]} 5. Nf3 {[%emt 0:00:47]} Nbd7 {[%emt 0:00:11]} 6. Bd3 {[%emt 0:01:31]} dxc4 {[%emt 0:00:37]} 7. Bxc4 {[%emt 0:00:06]} b5 {[%emt 0:00:05]} 8. Bd3 {[%emt 0:00:18]} a6 {[%emt 0:00:52]} 9. O-O {[%emt 0:00:27]} Bb7 {[%emt 0:00:40]} 10. e4 {[%emt 0:00:49]} c5 {[%emt 0:00:05]} 11. d5 {[%emt 0:01:16]} c4 {[%emt 0:00:18]} 12. Bc2 {[%emt 0:00:19]} Qc7 {[%emt 0:00:17]} 13. h3 {[%emt 0:07:22]} O-O-O {[%emt 0:02:12]} 14. Bg5 {[%emt 0:03:52]} h6 {[%emt 0:07:18]} 15. Bh4 {[%emt 0:00:20]} Bd6 {[%emt 0:00:48]} 16. Nd4 {[%emt 0:01:07]} Nc5 {[%emt 0:05:51]} 17. b4 {[%emt 0:04:08]} cxb3 {[%emt 0:07:26]} 18. axb3 {[%emt 0:00:07]} b4 {[%emt 0:00:23]} 19. Na4 {[%emt 0:03:39]} Nxa4 {[%emt 0:02:32]} 20. Rxa4 {[%emt 0:01:24]} exd5 {[%emt 0:04:05]} 21. Bxf6 {[%emt 0:17:19]} gxf6 {[%emt 0:00:29]} 22. exd5 {[%emt 0:00:28]} Bxd5 {[%emt 0:04:31]} 23. Bf5+ {[%emt 0:05:41]} Kb8 {[%emt 0:02:12]} 24. Rxa6 {[%emt 0:05:57]} Rhg8 {[%emt 0:07:29]} 25. Bg4 {[%emt 0:00:37]} Bb7 {[%emt 0:00:55]} 26. Qd3 {[%emt 0:06:58]} Be5 {[%emt 0:05:56]} 27. Bf3 {[%emt 0:05:17]} Bxd4 {[%emt 0:04:30]} 28. Qb5 {[%emt 0:00:05]} Kc8 {[%emt 0:00:44]} 29. Rfa1 {[%emt 0:05:15]} Bxa1 {[%emt 0:05:05]} 30. Bxb7+ {[%emt 0:00:42]} Qxb7 {[%emt 0:00:13]} 31. Rc6+ {[%emt 0:00:09]} Kb8 {[%emt 0:00:21]} 32. Rb6 {[%emt 0:00:07]} Rd1+ {[%emt 0:00:30]} 0-1

[Event "3rd Memorial Warakomska 2019"]
[Site "Suwalki"]
[Date "2019.08.11"]
[Round "8.39"]
[White "Leskiewicz, Ignacy"]
[Black "Czopor, Maciej"]
[Result "0-1"]
[WhiteElo "2120"]
[BlackElo "2250"]
[Annotator "NA"]
[PlyCount "74"]
[EventDate "2019.08.05"]
[EventType "swiss"]
[EventCountry "POL"]
[SourceTitle "playchess.com"]
[Source "ChessBase"]
[SourceQuality "1"]
[TimeControl "40/5400+30:1800+30"]

1. e4 {[%emt 0:00:00]} c5 {[%emt 0:00:00]} 2. Nf3 {[%emt 0:00:00]} e6 {[%emt 0:00:00]} 3. Nc3 {[%emt 0:00:00]} d6 {[%emt 0:00:30]} 4. d4 {[%emt 0:00:51]} cxd4 {[%emt 0:00:09]} 5. Nxd4 {[%emt 0:01:46]} Nf6 {[%emt 0:00:11]} 6. g4 {[%emt 0:10:13]} a6 {[%emt 0:02:25]} 7. g5 {[%emt 0:01:57]} Nfd7 {[%emt 0:00:08]} 8. Be3 {[%emt 0:01:07]} b5 {[%emt 0:00:27]} 9. Qd2 {[%emt 0:05:17]} Bb7 {[%emt 0:01:27]} 10. f3 {[%emt 0:01:51]} Nb6 {[%emt 0:02:08]} 11. O-O-O {[%emt 0:10:07]} N8d7 {[%emt 0:01:08]} 12. Nb3 {[%emt 0:09:08]} Rc8 {[%emt 0:08:09]} 13. a3 {[%emt 0:09:38]} Ne5 {[%emt 0:20:23]} 14. Na5 {[%emt 0:06:24]} Ba8 {[%emt 0:03:18]} 15. f4 {[%emt 0:09:02]} Nbc4 {[%emt 0:03:13]} 16. Nxc4 {[%emt 0:00:16]} Nxc4 {[%emt 0:00:10]} 17. Bxc4 {[%emt 0:11:20]} Rxc4 {[%emt 0:00:17]} 18. f5 {[%emt 0:03:40]} Bxe4 {[%emt 0:05:13]} 19. Nxe4 {[%emt 0:01:06]} Rxe4 {[%emt 0:00:10]} 20. g6 {[%emt 0:00:28]} hxg6 {[%emt 0:01:12]} 21. fxg6 {[%emt 0:00:01]} f5 {[%emt 0:01:09]} 22. h4 {[%emt 0:05:35]} Be7 {[%emt 0:15:50]} 23. Kb1 {[%emt 0:00:27]} Rhxh4 {[%emt 0:01:24]} 24. Rxh4 {[%emt 0:03:25]} Rxh4 {[%emt 0:00:24]} 25. Qc3 {[%emt 0:01:01]} Kf8 {[%emt 0:05:22]} 26. Bd4 {[%emt 0:04:23]} Qe8 {[%emt 0:03:43]} 27. Bxg7+ {[%emt 0:00:43]} Kg8 {[%emt 0:00:06]} 28. Bf6 {[%emt 0:00:54]} Rc4 {[%emt 0:01:54]} 29. Rh1 {[%emt 0:03:01]} Qxg6 {[%emt 0:00:31]} 30. Qxc4 {[%emt 0:00:45]} bxc4 {[%emt 0:00:12]} 31. Bxe7 {[%emt 0:00:01]} d5 {[%emt 0:02:57]} 32. Bc5 {[%emt 0:00:49]} Kf7 {[%emt 0:00:45]} 33. Bd4 {[%emt 0:00:17]} f4 {[%emt 0:00:46]} 34. Rg1 {[%emt 0:00:47]} Qe4 {[%emt 0:00:13]} 35. Bc3 {[%emt 0:00:24]} d4 {[%emt 0:00:58]} 36. Bd2 {[%emt 0:00:19]} e5 {[%emt 0:00:22]} 37. Kc1 {[%emt 0:00:07]} c3 {[%emt 0:00:25]} 0-1

[Event "3rd Memorial Warakomska 2019"]
[Site "Suwalki"]
[Date "2019.08.11"]
[Round "8.40"]
[White "Sowul, Bartosz"]
[Black "Bachor, Tomasz"]
[Result "0-1"]
[WhiteElo "2210"]
[BlackElo "2022"]
[Annotator "NA"]
[PlyCount "106"]
[EventDate "2019.08.05"]
[EventType "swiss"]
[EventCountry "POL"]
[SourceTitle "playchess.com"]
[Source "ChessBase"]
[SourceQuality "1"]
[TimeControl "40/5400+30:1800+30"]

1. Nf3 {[%emt 0:00:00]} b6 {[%emt 0:00:00]} 2. e4 {[%emt 0:00:30]} Bb7 {[%emt 0:00:00]} 3. Nc3 {[%emt 0:00:07]} e6 {[%emt 0:00:00]} 4. d4 {[%emt 0:00:06]} Bb4 {[%emt 0:00:10]} 5. Bd3 {[%emt 0:00:08]} Nf6 {[%emt 0:00:13]} 6. Nd2 {[%emt 0:00:20]} d5 {[%emt 0:01:01]} 7. e5 {[%emt 0:00:57]} Nfd7 {[%emt 0:00:46]} 8. Qg4 {[%emt 0:01:16]} g6 {[%emt 0:00:47]} 9. h4 {[%emt 0:12:27]} h5 {[%emt 0:02:35]} 10. Qg3 {[%emt 0:00:39]} Rg8 {[%emt 0:05:42]} 11. a3 {[%emt 0:03:56]} Be7 {[%emt 0:03:17]} 12. Nf3 {[%emt 0:00:51]} c5 {[%emt 0:02:51]} 13. Ng5 {[%emt 0:05:45]} Nf8 {[%emt 0:03:34]} 14. Nb5 {[%emt 0:11:53]} a6 {[%emt 0:05:26]} 15. Nd6+ {[%emt 0:01:17]} Bxd6 {[%emt 0:00:10]} 16. exd6 {[%emt 0:00:04]} cxd4 {[%emt 0:06:05]} 17. O-O {[%emt 0:17:38]} Qd7 {[%emt 0:07:42]} 18. Qe5 {[%emt 0:09:16]} Nc6 {[%emt 0:07:40]} 19. Qf6 {[%emt 0:00:06]} Ra7 {[%emt 0:08:49]} 20. b4 {[%emt 0:03:30]} Ba8 {[%emt 0:05:15]} 21. b5 {[%emt 0:04:41]} axb5 {[%emt 0:01:58]} 22. Bxb5 {[%emt 0:00:12]} Qxd6 {[%emt 0:01:10]} 23. a4 {[%emt 0:01:23]} Qd8 {[%emt 0:04:03]} 24. Qxd4 {[%emt 0:01:22]} f6 {[%emt 0:01:33]} 25. Nf3 {[%emt 0:03:53]} Kf7 {[%emt 0:01:41]} 26. Qe3 {[%emt 0:14:59]} Ne7 {[%emt 0:04:05]} 27. Re1 {[%emt 0:02:13]} Nf5 {[%emt 0:00:47]} 28. Qb3 {[%emt 0:01:35]} Nd7 {[%emt 0:02:45]} 29. Bxd7 {[%emt 0:01:33]} Rxd7 {[%emt 0:00:12]} 30. Rb1 {[%emt 0:01:41]} Rd6 {[%emt 0:02:31]} 31. Bb2 {[%emt 0:00:06]} Re8 {[%emt 0:02:38]} 32. Nd4 {[%emt 0:00:24]} Nxh4 {[%emt 0:03:15]} 33. Ba3 {[%emt 0:00:48]} Rd7 {[%emt 0:02:43]} 34. Qh3 {[%emt 0:00:46]} Nf5 {[%emt 0:01:01]} 35. Nxf5 {[%emt 0:00:24]} exf5 {[%emt 0:00:05]} 36. Re3 {[%emt 0:00:39]} d4 {[%emt 0:01:22]} 37. Reb3 {[%emt 0:00:12]} Re6 {[%emt 0:00:50]} 38. a5 {[%emt 0:00:06]} Rb7 {[%emt 0:02:07]} 39. Bc5 {[%emt 0:00:16]} Qd5 {[%emt 0:05:14]} 40. Rxb6 {[%emt 0:00:00]} Rc7 {[%emt 0:00:00]} 41. Rxe6 {[%emt 0:11:13]} Kxe6 {[%emt 0:05:52]} 42. Bb4 {[%emt 0:00:04]} Kf7 {[%emt 0:02:22]} 43. Re1 {[%emt 0:01:30]} Kg7 {[%emt 0:01:22]} 44. a6 {[%emt 0:10:31]} g5 {[%emt 0:05:16]} 45. Qh2 {[%emt 0:03:00]} Rxc2 {[%emt 0:05:50]} 46. f3 {[%emt 0:08:03]} Kg6 {[%emt 0:00:48]} 47. Qb8 {[%emt 0:00:35]} Bc6 {[%emt 0:04:22]} 48. Re7 {[%emt 0:00:32]} Rxg2+ {[%emt 0:01:13]} 49. Kh1 {[%emt 0:00:07]} Ra2 {[%emt 0:00:56]} 50. Kg1 {[%emt 0:00:36]} Rg2+ {[%emt 0:02:58]} 51. Kh1 {[%emt 0:00:05]} Rb2 {[%emt 0:00:08]} 52. Kg1 {[%emt 0:00:57]} Rb1+ {[%emt 0:00:11]} 53. Re1 {[%emt 0:00:05]} Rxb4 {[%emt 0:01:55]} 0-1

[Event "3rd Memorial Warakomska 2019"]
[Site "Suwalki"]
[Date "2019.08.11"]
[Round "8.41"]
[White "Praczukowski, Stanislaw"]
[Black "Maj, Pawel"]
[Result "1-0"]
[WhiteElo "2166"]
[BlackElo "2127"]
[Annotator "NA"]
[PlyCount "61"]
[EventDate "2019.08.05"]
[EventType "swiss"]
[EventCountry "POL"]
[SourceTitle "playchess.com"]
[Source "ChessBase"]
[SourceQuality "1"]
[TimeControl "40/5400+30:1800+30"]

1. d4 {[%emt 0:00:00]} Nf6 {[%emt 0:00:00]} 2. c4 {[%emt 0:00:15]} e6 {[%emt 0:00:00]} 3. Nf3 {[%emt 0:00:16]} b6 {[%emt 0:00:24]} 4. a3 {[%emt 0:00:15]} Bb7 {[%emt 0:00:10]} 5. Nc3 {[%emt 0:00:07]} d5 {[%emt 0:00:18]} 6. cxd5 {[%emt 0:00:07]} Nxd5 {[%emt 0:00:09]} 7. e3 {[%emt 0:00:31]} Be7 {[%emt 0:00:30]} 8. Bb5+ {[%emt 0:00:34]} c6 {[%emt 0:03:52]} 9. Bd3 {[%emt 0:01:50]} Nd7 {[%emt 0:06:22]} 10. O-O {[%emt 0:01:56]} Qc7 {[%emt 0:04:04]} 11. Qe2 {[%emt 0:01:36]} O-O {[%emt 0:04:01]} 12. Qc2 {[%emt 0:09:53]} h6 {[%emt 0:10:21]} 13. Nxd5 {[%emt 0:01:36]} exd5 {[%emt 0:00:10]} 14. b3 {[%emt 0:05:33]} Bd6 {[%emt 0:05:14]} 15. Bb2 {[%emt 0:04:41]} Rfe8 {[%emt 0:04:39]} 16. Rac1 {[%emt 0:00:18]} Rac8 {[%emt 0:03:50]} 17. Bh7+ {[%emt 0:02:57]} Kh8 {[%emt 0:01:01]} 18. Bf5 {[%emt 0:00:07]} Rcd8 {[%emt 0:14:41]} 19. Rfd1 {[%emt 0:01:46]} Nb8 {[%emt 0:10:26]} 20. Ne5 {[%emt 0:09:43]} Qe7 {[%emt 0:06:19]} 21. f4 {[%emt 0:05:54]} c5 {[%emt 0:04:46]} 22. Qe2 {[%emt 0:08:26]} Kg8 {[%emt 0:04:46]} 23. Bb1 {[%emt 0:05:04]} Nd7 {[%emt 0:01:38]} 24. Qg4 {[%emt 0:07:02]} cxd4 {[%emt 0:02:58]} 25. Nxd7 {[%emt 0:01:30]} Qxd7 {[%emt 0:01:58]} 26. Bf5 {[%emt 0:00:50]} Qe7 {[%emt 0:01:20]} 27. Bxd4 {[%emt 0:00:12]} Qf8 {[%emt 0:00:35]} 28. b4 {[%emt 0:04:06]} Bc8 {[%emt 0:01:52]} 29. Bxc8 {[%emt 0:01:30]} Rxc8 {[%emt 0:00:04]} 30. Rxc8 {[%emt 0:00:07]} Rxc8 {[%emt 0:00:06]} 31. Bxg7 {[%emt 0:00:10]} 1-0

[Event "3rd Memorial Warakomska 2019"]
[Site "Suwalki"]
[Date "2019.08.11"]
[Round "8.42"]
[White "Dmochowska, Agnieszka"]
[Black "Chan, Kim Yew"]
[Result "0-1"]
[WhiteElo "2126"]
[BlackElo "2276"]
[Annotator "NA"]
[PlyCount "84"]
[EventDate "2019.08.05"]
[EventType "swiss"]
[EventCountry "POL"]
[SourceTitle "playchess.com"]
[Source "ChessBase"]
[SourceQuality "1"]
[TimeControl "40/5400+30:1800+30"]

1. e4 {[%emt 0:00:00]} c5 {[%emt 0:00:00]} 2. Nf3 {[%emt 0:00:13]} g6 {[%emt 0:00:00]} 3. d4 {[%emt 0:00:06]} Bg7 {[%emt 0:00:02]} 4. c4 {[%emt 0:01:10]} d6 {[%emt 0:00:14]} 5. Be3 {[%emt 0:03:42]} Nc6 {[%emt 0:00:09]} 6. Nc3 {[%emt 0:07:49]} Qa5 {[%emt 0:03:07]} 7. Qd2 {[%emt 0:01:54]} Bg4 {[%emt 0:02:53]} 8. dxc5 {[%emt 0:12:08]} Bxf3 {[%emt 0:03:14]} 9. gxf3 {[%emt 0:01:29]} dxc5 {[%emt 0:00:06]} 10. Nd5 {[%emt 0:04:50]} Qxd2+ {[%emt 0:02:03]} 11. Bxd2 {[%emt 0:03:18]} O-O-O {[%emt 0:01:14]} 12. O-O-O {[%emt 0:01:24]} e6 {[%emt 0:01:09]} 13. Bc3 {[%emt 0:00:51]} Bd4 {[%emt 0:08:33]} 14. Bxd4 {[%emt 0:03:09]} Nxd4 {[%emt 0:01:48]} 15. Nc3 {[%emt 0:00:11]} Nf6 {[%emt 0:04:04]} 16. e5 {[%emt 0:10:42]} Nh5 {[%emt 0:03:59]} 17. Ne4 {[%emt 0:01:55]} Nxf3 {[%emt 0:02:57]} 18. Nd6+ {[%emt 0:00:09]} Kc7 {[%emt 0:01:07]} 19. Bg2 {[%emt 0:01:04]} Nxe5 {[%emt 0:01:08]} 20. Nxb7 {[%emt 0:00:14]} Rxd1+ {[%emt 0:05:38]} 21. Rxd1 {[%emt 0:00:20]} Nf4 {[%emt 0:00:38]} 22. Bh1 {[%emt 0:07:32]} Nfd3+ {[%emt 0:02:59]} 23. Kc2 {[%emt 0:00:09]} Nxf2 {[%emt 0:00:14]} 24. Rf1 {[%emt 0:00:09]} Neg4 {[%emt 0:03:18]} 25. Rg1 {[%emt 0:12:17]} Nxh1 {[%emt 0:04:22]} 26. Rxg4 {[%emt 0:00:10]} Kxb7 {[%emt 0:00:16]} 27. Rf4 {[%emt 0:00:06]} f5 {[%emt 0:00:11]} 28. Rf1 {[%emt 0:00:07]} Rd8 {[%emt 0:00:20]} 29. Rxh1 {[%emt 0:00:07]} Rd4 {[%emt 0:00:05]} 30. b3 {[%emt 0:00:08]} Rg4 {[%emt 0:00:52]} 31. Kc3 {[%emt 0:00:35]} e5 {[%emt 0:00:07]} 32. a3 {[%emt 0:00:19]} a5 {[%emt 0:00:21]} 33. b4 {[%emt 0:00:18]} axb4+ {[%emt 0:00:01]} 34. axb4 {[%emt 0:00:05]} cxb4+ {[%emt 0:00:03]} 35. Kxb4 {[%emt 0:00:08]} Rd4 {[%emt 0:01:19]} 36. Kc5 {[%emt 0:01:15]} Rd7 {[%emt 0:00:18]} 37. Rb1+ {[%emt 0:00:09]} Kc7 {[%emt 0:00:01]} 38. Rb6 {[%emt 0:09:50]} e4 {[%emt 0:00:55]} 39. Re6 {[%emt 0:00:19]} Kd8 {[%emt 0:00:42]} 40. Kb6 {[%emt 0:00:00]} Re7 {[%emt 0:00:00]} 41. Rf6 {[%emt 0:04:56]} e3 {[%emt 0:01:50]} 42. c5 {[%emt 0:00:27]} e2 {[%emt 0:00:47]} 0-1

[Event "3rd Memorial Warakomska 2019"]
[Site "Suwalki"]
[Date "2019.08.11"]
[Round "8.43"]
[White "Oborski, Artur"]
[Black "Szostko, Jakub"]
[Result "0-1"]
[WhiteElo "1969"]
[BlackElo "2245"]
[Annotator "NA"]
[PlyCount "70"]
[EventDate "2019.08.05"]
[EventType "swiss"]
[EventCountry "POL"]
[SourceTitle "playchess.com"]
[Source "ChessBase"]
[SourceQuality "1"]
[TimeControl "40/5400+30:1800+30"]

1. d4 {[%emt 0:00:00]} Nf6 {[%emt 0:00:00]} 2. c4 {[%emt 0:00:00]} e6 {[%emt 0:00:00]} 3. Nf3 {[%emt 0:00:00]} d5 {[%emt 0:00:00]} 4. Nc3 {[%emt 0:00:00]} Bb4 {[%emt 0:00:14]} 5. cxd5 {[%emt 0:00:30]} exd5 {[%emt 0:00:21]} 6. Bg5 {[%emt 0:00:27]} O-O {[%emt 0:01:16]} 7. e3 {[%emt 0:00:09]} h6 {[%emt 0:05:53]} 8. Bh4 {[%emt 0:00:22]} Bf5 {[%emt 0:03:05]} 9. Qb3 {[%emt 0:04:35]} Bxc3+ {[%emt 0:02:45]} 10. bxc3 {[%emt 0:00:10]} Nbd7 {[%emt 0:02:07]} 11. Be2 {[%emt 0:08:14]} c5 {[%emt 0:01:21]} 12. Bg3 {[%emt 0:04:00]} Qa5 {[%emt 0:04:30]} 13. O-O {[%emt 0:02:57]} c4 {[%emt 0:02:14]} 14. Qb2 {[%emt 0:02:41]} Ne4 {[%emt 0:02:45]} 15. Rfc1 {[%emt 0:03:12]} Qb6 {[%emt 0:13:37]} 16. Qxb6 {[%emt 0:02:55]} axb6 {[%emt 0:01:22]} 17. a4 {[%emt 0:01:39]} Ra7 {[%emt 0:03:07]} 18. Bd1 {[%emt 0:11:40]} Rfa8 {[%emt 0:02:18]} 19. Ne5 {[%emt 0:02:32]} b5 {[%emt 0:05:58]} 20. Nxd7 {[%emt 0:02:23]} Bxd7 {[%emt 0:00:31]} 21. f3 {[%emt 0:00:41]} Nxg3 {[%emt 0:05:38]} 22. hxg3 {[%emt 0:00:36]} bxa4 {[%emt 0:03:49]} 23. Ra3 {[%emt 0:00:12]} Bc6 {[%emt 0:05:12]} 24. Bc2 {[%emt 0:00:33]} b5 {[%emt 0:05:33]} 25. e4 {[%emt 0:00:29]} Re8 {[%emt 0:03:39]} 26. Rb1 {[%emt 0:01:32]} Rb7 {[%emt 0:01:17]} 27. exd5 {[%emt 0:02:05]} Bxd5 {[%emt 0:00:15]} 28. Be4 {[%emt 0:00:35]} Bxe4 {[%emt 0:00:33]} 29. fxe4 {[%emt 0:00:06]} Rxe4 {[%emt 0:01:29]} 30. Rxa4 {[%emt 0:00:11]} bxa4 {[%emt 0:00:33]} 31. Rxb7 {[%emt 0:00:06]} Re3 {[%emt 0:00:09]} 32. Ra7 {[%emt 0:01:17]} Rxg3 {[%emt 0:00:32]} 33. Rxa4 {[%emt 0:00:13]} Rxc3 {[%emt 0:00:03]} 34. d5 {[%emt 0:00:39]} Rd3 {[%emt 0:00:54]} 35. Rxc4 {[%emt 0:00:08]} Rxd5 {[%emt 0:00:03]} 0-1

[Event "3rd Memorial Warakomska 2019"]
[Site "Suwalki"]
[Date "2019.08.11"]
[Round "8.44"]
[White "Czarniecka, Aleksandra"]
[Black "Lisowski, Krzysztof"]
[Result "1/2-1/2"]
[WhiteElo "2042"]
[BlackElo "2187"]
[Annotator "NA"]
[PlyCount "81"]
[EventDate "2019.08.05"]
[EventType "swiss"]
[EventCountry "POL"]
[SourceTitle "playchess.com"]
[Source "ChessBase"]
[SourceQuality "1"]
[TimeControl "40/5400+30:1800+30"]

1. e4 {[%emt 0:00:52]} c5 {[%emt 0:00:00]} 2. Nf3 {[%emt 0:00:39]} Nc6 {[%emt 0:00:00]} 3. d4 {[%emt 0:00:05]} cxd4 {[%emt 0:00:00]} 4. Nxd4 {[%emt 0:00:05]} Nf6 {[%emt 0:00:06]} 5. Nc3 {[%emt 0:00:17]} e5 {[%emt 0:00:09]} 6. Ndb5 {[%emt 0:00:50]} d6 {[%emt 0:00:11]} 7. Bg5 {[%emt 0:00:08]} a6 {[%emt 0:00:19]} 8. Na3 {[%emt 0:00:33]} b5 {[%emt 0:00:24]} 9. Nd5 {[%emt 0:00:52]} Be7 {[%emt 0:00:24]} 10. Bxf6 {[%emt 0:01:14]} Bxf6 {[%emt 0:00:15]} 11. c3 {[%emt 0:00:31]} O-O {[%emt 0:00:31]} 12. Nc2 {[%emt 0:01:27]} Rb8 {[%emt 0:01:09]} 13. h4 {[%emt 0:17:53]} g6 {[%emt 0:02:06]} 14. h5 {[%emt 0:09:10]} Bg7 {[%emt 0:15:09]} 15. Be2 {[%emt 0:03:47]} Ne7 {[%emt 0:22:08]} 16. Ncb4 {[%emt 0:08:32]} Nxd5 {[%emt 0:11:13]} 17. Nxd5 {[%emt 0:00:43]} Be6 {[%emt 0:00:24]} 18. Qd2 {[%emt 0:12:05]} Bxd5 {[%emt 0:17:08]} 19. Qxd5 {[%emt 0:00:48]} Qg5 {[%emt 0:06:25]} 20. Kf1 {[%emt 0:03:41]} Rb6 {[%emt 0:07:43]} 21. Rd1 {[%emt 0:05:14]} Bh6 {[%emt 0:02:47]} 22. hxg6 {[%emt 0:04:54]} hxg6 {[%emt 0:00:13]} 23. Rh3 {[%emt 0:00:47]} Kg7 {[%emt 0:00:37]} 24. b3 {[%emt 0:03:16]} Qe7 {[%emt 0:01:13]} 25. c4 {[%emt 0:01:19]} b4 {[%emt 0:00:39]} 26. Qa5 {[%emt 0:03:04]} Rfb8 {[%emt 0:09:10]} 27. Rhd3 {[%emt 0:01:27]} Rc6 {[%emt 0:00:48]} 28. Qd5 {[%emt 0:03:53]} Qc7 {[%emt 0:00:40]} 29. Rf3 {[%emt 0:06:26]} Rf8 {[%emt 0:00:05]} 30. Qd3 {[%emt 0:00:45]} Bg5 {[%emt 0:00:34]} 31. Rh3 {[%emt 0:02:14]} Qe7 {[%emt 0:01:28]} 32. Qd5 {[%emt 0:00:36]} Qc7 {[%emt 0:00:12]} 33. Qd3 {[%emt 0:00:41]} Qb6 {[%emt 0:00:59]} 34. Qg3 {[%emt 0:01:22]} Qd8 {[%emt 0:00:40]} 35. Qh2 {[%emt 0:00:36]} Rh8 {[%emt 0:00:34]} 36. Rxh8 {[%emt 0:03:48]} Qxh8 {[%emt 0:00:04]} 37. Qxh8+ {[%emt 0:00:05]} Kxh8 {[%emt 0:00:03]} 38. Bg4 {[%emt 0:00:32]} Be7 {[%emt 0:00:52]} 39. Ke2 {[%emt 0:01:04]} Kg7 {[%emt 0:00:21]} 40. g3 {[%emt 0:00:00]} Kf6 {[%emt 0:00:00]} 41. Rd5 {[%emt 0:08:11]} 1/2-1/2

[Event "3rd Memorial Warakomska 2019"]
[Site "Suwalki"]
[Date "2019.08.11"]
[Round "8.45"]
[White "Balinski, Damian"]
[Black "Szczurek, Krzysztof"]
[Result "0-1"]
[WhiteElo "2176"]
[BlackElo "2104"]
[Annotator "NA"]
[PlyCount "74"]
[EventDate "2019.08.05"]
[EventType "swiss"]
[EventCountry "POL"]
[SourceTitle "playchess.com"]
[Source "ChessBase"]
[SourceQuality "1"]
[TimeControl "40/5400+30:1800+30"]

1. c4 {[%emt 0:00:00]} Nf6 {[%emt 0:00:00]} 2. g3 {[%emt 0:00:00]} g6 {[%emt 0:00:00]} 3. Bg2 {[%emt 0:00:00]} Bg7 {[%emt 0:00:00]} 4. Nc3 {[%emt 0:00:00]} O-O {[%emt 0:00:25]} 5. d4 {[%emt 0:00:00]} d6 {[%emt 0:00:17]} 6. e3 {[%emt 0:00:00]} Nbd7 {[%emt 0:00:10]} 7. Nge2 {[%emt 0:00:00]} e5 {[%emt 0:00:18]} 8. b3 {[%emt 0:00:00]} Re8 {[%emt 0:04:13]} 9. O-O {[%emt 0:00:00]} c6 {[%emt 0:00:42]} 10. a4 {[%emt 0:03:40]} e4 {[%emt 0:04:52]} 11. Ba3 {[%emt 0:04:15]} Nf8 {[%emt 0:00:35]} 12. h3 {[%emt 0:04:01]} h5 {[%emt 0:01:24]} 13. b4 {[%emt 0:13:10]} Bf5 {[%emt 0:02:29]} 14. d5 {[%emt 0:09:13]} cxd5 {[%emt 0:06:32]} 15. cxd5 {[%emt 0:00:20]} Qd7 {[%emt 0:00:10]} 16. Kh2 {[%emt 0:00:07]} N8h7 {[%emt 0:00:09]} 17. Rc1 {[%emt 0:03:21]} Ng5 {[%emt 0:03:46]} 18. Nf4 {[%emt 0:04:06]} a6 {[%emt 0:07:08]} 19. Nb1 {[%emt 0:16:15]} Nf3+ {[%emt 0:10:05]} 20. Bxf3 {[%emt 0:00:42]} exf3 {[%emt 0:00:05]} 21. Qxf3 {[%emt 0:01:00]} Qxa4 {[%emt 0:00:22]} 22. Qd1 {[%emt 0:01:43]} Qd7 {[%emt 0:00:10]} 23. Bb2 {[%emt 0:01:33]} h4 {[%emt 0:08:17]} 24. gxh4 {[%emt 0:11:03]} Re4 {[%emt 0:01:59]} 25. Bd4 {[%emt 0:05:19]} Bxh3 {[%emt 0:17:42]} 26. Nxh3 {[%emt 0:09:51]} Rxh4 {[%emt 0:00:06]} 27. Qf3 {[%emt 0:00:27]} Ne4 {[%emt 0:00:06]} 28. Kg2 {[%emt 0:02:11]} Rg4+ {[%emt 0:13:27]} 29. Kh2 {[%emt 0:00:06]} Rh4 {[%emt 0:00:04]} 30. Kg2 {[%emt 0:00:05]} Bxd4 {[%emt 0:06:20]} 31. exd4 {[%emt 0:00:02]} Rg4+ {[%emt 0:00:07]} 32. Kh2 {[%emt 0:00:10]} Kg7 {[%emt 0:00:15]} 33. Rg1 {[%emt 0:03:05]} Rh4 {[%emt 0:00:19]} 34. Kg2 {[%emt 0:00:23]} Rah8 {[%emt 0:00:13]} 35. Rh1 {[%emt 0:01:19]} g5 {[%emt 0:05:39]} 36. Rcg1 {[%emt 0:05:06]} Rg4+ {[%emt 0:02:16]} 37. Kh2 {[%emt 0:00:20]} Rf4 {[%emt 0:02:17]} 0-1